Hágase tu voluntad / (Registro nro. 29515)
[ vista simple ]
| 000 -CABECERA | |
|---|---|
| campo de control de longitud fija | 02021nam a22002297a 4500 |
| 008 - CÓDIGOS DE INFORMACIÓN DE LONGITUD FIJA | |
| fixed length control field | 220707s1998 ck ||||gr|||| 00| 0 spa d |
| 020 ## - NÚMERO INTERNACIONAL NORMALIZADO PARA LIBROS | |
| ISBN | 9586146863 |
| 040 ## - Fuente de catalogación | |
| Agencia original de catalogación | CO-JMCR |
| Agencia de modificación | CO-JMCR |
| 041 0# - CÓDIGO DE LENGUA | |
| Código idioma | spa |
| 082 04 - NÚMERO DE LA CLASIFICACIÓN DECIMAL DEWEY | |
| Número de clasificación Decimal | A-N |
| Número de documento (Cutter) | CASh |
| 100 1# - PUNTO DE ACCESO PRINCIPAL-NOMBRE DE PERSONA | |
| Nombre personal | Castro Caycedo, German |
| Término de función/relación | autor |
| 9 (RLIN) | 2251 |
| 245 10 - TÍTULO PROPIAMENTE DICHO | |
| Título | Hágase tu voluntad / |
| Mención de responsabilidad, etc. | German Castro Caycedo |
| 250 ## - DECLARACIÓN DE EDICIÓN | |
| Declaración de edición | Primera edición |
| 260 ## - PUBLICACIÓN, DISTRIBUCIÓN, ETC. (PIE DE IMPRENTA) | |
| Lugar de publicación, distribución, etc. | Bogotá, Colombia : |
| Nombre del editor, distribuidor, etc. | Planeta, |
| Fecha de publicación, distribución, etc. | 1998. |
| 300 ## - DESCRIPCIÓN FÍSICA | |
| Extensión | 369 páginas ; |
| Dimensiones | 23 cm. |
| 505 0# - NOTA DE CONTENIDO FORMATADO | |
| Nota de contenido formateada | Pompeya. -- Los caníbales. -- Cal y silencio. -- Picasso en azul. -- Amarillo verdoso. -- Supai molino. -- Regalo, amigos. -- Mau mau tremblay. -- Oncaye. -- Alfa, lima, quebec. -- Capitán memo. -- La libertad. -- ¡mujeres!. -- ¿un cafelito?. -- Broadway. -- Palabra de petrolero. -- Te oigo venir. -- Marandúa. -- Cultura del desnudo. -- Ocaso. -- ¡La bamba!. -- El camino del sol. -- Otra gente. -- Libros consultados.<br/> |
| 520 0# - RESUMEN, ETC. | |
| Resumen,etc. | Hágase tu voluntad es un relato intenso, construido línea a línea, a partir de la muerte, en el corazón de la selva amazónica, de monseñor Alejandro Labaka Ugarte, un obispo español, y de la madre colombiana Inés Arango. Ellos fueron los prime ros y los últimos en entrar a los dominios de una tribu de indi genas que desde hace un siglo defienden su libertad, su cultura y su territorio. Monseñor recibió ochenta y cinco lanzas que le taladraron el cuerpo y la religiosa otras veinticinco.<br/>El relato tiene una fuerza narrativa de un autor en la cumbre de su madurez profesional, como lo es Germán Castro Caycedo, y un ritmo que atrapa al lector en cada línea y cada página, de principio a fin.<br/>Historia sorprendente -no de ayer sino de hoy, en el final del milenio- por el ángulo desde el cual la mira el narra dor, que logra con este trabajo literario un libro profundo y eminentemente americanista. |
| 650 14 - TÉRMINO DE MATERIA | |
| 9 (RLIN) | 42113 |
| 650 24 - TÉRMINO DE MATERIA | |
| 9 (RLIN) | 42114 |
| 650 24 - TÉRMINO DE MATERIA | |
| 9 (RLIN) | 42115 |
| Withdrawn status | Lost status | Source of classification or shelving scheme | Damaged status | Not for loan | Home library | Current library | Shelving location | Date acquired | Source of acquisition | Total Checkouts | Full call number | Barcode | Date last seen | Date last checked out | Copy number | Price effective from | Koha item type |
|---|---|---|---|---|---|---|---|---|---|---|---|---|---|---|---|---|---|
| Dewey Decimal Classification | Biblioteca Pública José María del Castillo y Rada | Biblioteca Pública José María del Castillo y Rada | Processing Center | 04/28/2022 | Donación | 3 | A-N CASh | 201811564 | 03/27/2024 | 03/27/2024 | Ej.1 | 07/07/2022 | Books |